00571 2200169 4500001002100000005001500021035002000036245010800056100003500164250002000199300005600219700003200275260004600307082001000353084001600363020002200379INLIS00000000114809420260330012312 a0010-03260006051 aEksplorasi Spiritualitas Buddhis :bDalam keputusan Harga Jual Produk /cDini Sulistiyan;Warsito Kaedar0 aDini Sulistiyan;Warsito Kaedar acetakan pertama avii,70 halaman :bilustrasi ;c15,5 x 23 cmekertas0 aDesain caver;Ali Hasan Zein aYogyakarta :bDeepublish publisher,c2024 a294.3 a294.3 DIN e a978-623-02-8210-2